000 00189 a2200097 4500
020 _a9789706270962
041 _aspa
100 _aAnonimo
245 _afutbol Reglas Actualizadas
942 _cBK
999 _c9928
_d9928